000 00481nam a22001697a 4500
003 IT-RoPau
005 20220918175941.0
008 130208b xxu||||| |||| 00| 0 eng d
040 _cIT-RoPau
100 _aFamilia Paulina
_9387
245 _aCooperador Paulino 2002 Spagna
_bcomunicacion social y pastoral
250 _a1° ed.
260 _aMadrid
_bSociedad de San Pablo
_c2002
300 _a50 p.
_c26 cm
500 _aMarzo-Abril/Septiembre-Octubre 2002.
942 _2ddc
_cCR
999 _c38018
_d38018